Statistics for Creepin' - Metro Boomin, The Weeknd & 21 savage lyrics

Click here to take the quiz!

General Stats

  • This quiz has been taken 233 times
  • The average score is 262 of 371

Answer Stats

HintAnswer% Correct
You
98%
you
98%
I
96%
me ?
95%
me,
95%
me
95%
the
95%
The
95%
a
93%
do
93%
don't
93%
if
93%
If
93%
it
93%
know
91%
when
91%
When
91%
creepin',
90%
on
90%
wanna
90%
your
89%
he
88%
keep
88%
can
87%
low
87%
my
87%
let
86%
and
84%
And
84%
please
84%
anymore
83%
heart
83%
take
83%
to
83%
can't
82%
Can't
82%
'Cause
82%
playin'
82%
you're
82%
baby
80%
Baby,
80%
Baby
80%
baby,
80%
show
80%
was
79%
just
74%
kissing
72%
saw
72%
Verse 1Somebody
72%
were
72%
person
71%
wasn't
71%
said
68%
they
68%
then
65%
myself
64%
ask
63%
never
62%
in
61%
go
58%
kept
57%
better
54%
would
54%
Intro (x7) | x10Ooh
53%
x5 | x6ooh
53%
Ooh,
53%
that
53%
than
52%
yourself
52%
all
50%
house
50%
touch
50%
truth
50%
Girl,
48%
girl
48%
used
48%
21
47%
believe
46%
of
46%
back
45%
come
44%
eyes,
43%
fall
42%
got
42%
Got
42%
link ?
42%
say
42%
sneaky
42%
asleep ?
41%
thing
41%
but
40%
need
40%
out
40%
think
40%
Had
39%
watch
39%
hold
38%
ride
38%
him
37%
lookin'
37%
alone
36%
home
36%
put
36%
dink
35%
from
35%
about
34%
BridgeDid
34%
housewife
34%
rinky
34%
find
33%
How
33%
feel
32%
I'm
32%
like
32%
crushin',
31%
runway
31%
way
31%
ain't
30%
phone
30%
Fashion
29%
off
29%
woah
29%
Verse 3 (x3)Woah
29%
model,
28%
still
28%
yeah
28%
call
27%
her
26%
cuffin'
25%
hotel,
25%
one
25%
goin'
24%
nightmares
24%
those
24%
type
24%
even
23%
mean
23%
Nova
23%
through
23%
'round
22%
Get
21%
gonna
21%
precinct
21%
Benzes
20%
Havin'
20%
record,
20%
riding
20%
Rovers
20%
zone
19%
rockin'
18%
bags,
17%
bitch
17%
Coach
17%
Side
17%
Frisco
15%
Eliantte
13%
bring'em
7%
Chane'-ne'
7%
Bay-bee
2%

Score Distribution

Percentile by Number Answered

Percent of People with Each Score

Your Score History

You have not taken this quiz